L'opera di Gustav Hugo nella crisi del giusnaturalismo Tedesco

I tiakina i:
Ngā taipitopito rārangi puna kōrero
Kaituhi matua: Marini, Giuliano (autor)
Hōputu: Pukapuka
Reo:Itāriana
I whakaputaina: Milán Dott. A. Giuffrè 1969
Rangatū:Pubblicazioni della facoltà di Giurisprudenza della Università di Pisa, 29
Ngā marau:
Ngā Tūtohu: Tāpirihia he Tūtohu
Kāore He Tūtohu, Me noho koe te mea tuatahi ki te tūtohu i tēnei pūkete!

MARC

LEADER 00000nam a2200000 a 4500
001 UCR2697
003 CL-VaPUC
008 980116e19690000IT |||||||||||||||||ita|d
082 0 4 |a 340.1  |b MAR  |2 21 
100 |a Marini, Giuliano  |e autor  |9 402581 
245 1 2 |a L'opera di Gustav Hugo nella crisi del giusnaturalismo Tedesco 
300 |a 185 p 
942 |c BK 
945 |d 19980116 00:00:00  |a cmena 
260 |a Milán  |b Dott. A. Giuffrè  |c 1969 
650 0 |a Filosofía del derecho   |9 255050 
650 0 |a Positivismo jurídico  |9 255992 
650 0 |a Iusnaturalismo  |9 393557 
650 0 |a Escuelas filosóficas   |9 266232 
650 0 |a Derecho positivo  |9 255911 
650 0 |a Derecho natural   |9 255041 
583 |a last modification  |c 19980116 00:00:00  |k Rodrigo Vera 
490 0 |a Pubblicazioni della facoltà di Giurisprudenza della Università di Pisa, 29 
999 |c 265829  |d 265827 
952 |0 0  |1 0  |4 0  |6 340_100000000000000_MAR_1969  |7 0  |8 DER_HIS  |9 296940  |a BIBDER  |b BIBDER  |d 2019-11-20  |i 1935348  |o 340.1 MAR 1969  |p 1935348  |r 2023-01-25  |w 2019-11-20  |x Ubicación 4to Piso  |y BK  |z Estos recursos deben solicitarse con anticipación  |k DER